| 000 | 01110cam a2200265 i 4500 | ||
|---|---|---|---|
| 001 | sa 67003269 | ||
| 003 | DLC | ||
| 005 | 20260227112337.0 | ||
| 008 | 840716m19651971ii b 000 0 sano | ||
| 010 | _asa 67003269 | ||
| 040 |
_aDLC _cDLC _dDLC |
||
| 050 | 0 | 0 |
_aPK703 _b.R3 |
| 100 | 2 | _aRamasubba Sastri, S. | |
| 245 | 1 | 0 |
_aKr̥dantarūpamālā / _cŚa. Rāmasubrahmaṇyaśāstribhiḥ sandhr̥bdhā ; Ve. Rāghavācāryāṇāṃ Ce. Pa. Rāmasvāmyāryāṇāṃ ca āmukhābhyāṃ sahitā. |
| 260 |
_aMadrās : _bMadrapurīsaṃskr̥tavidyāsamitisacivaiḥ prakāśitā, _c1965-71. |
||
| 300 |
_a5 v. in 4 ; _c25 cm. |
||
| 500 | _aCover title: Kr̥dantarūpamālā; a concordance of verbal derivatives. | ||
| 500 | _aVols. 3-5 completed by V. Srivatsankacharya and T.K. Pranatartiharan. | ||
| 500 | _aIn Sanskrit; introductory matter in English or Sanskrit. | ||
| 504 | _aBibliography: v. 1, p. [xv]-xvii. | ||
| 650 | 0 |
_aSanskrit language _xWord formation. |
|
| 650 | 0 |
_aSanskrit language _xDictionaries. |
|
| 700 | 1 | _aPranatartiharan, T. K. | |
| 700 | 1 |
_aŚrīvatsāṅkācāryar, Vā., _d1936- |
|
| 999 |
_c73753 _d73753 |
||